[Event "Montigny Autumn-C 16th"]
[Site "Montigny le Bretonneux"]
[Date "2017.10.26"]
[Round "6"]
[White "Agapov, Klimentiy"]
[Black "Baltzer, Jean Marc"]
[Result "0-1"]
[WhiteElo "1290"]
[BlackElo "1377"]
[PlyCount "144"]
[EventDate "2017.10.21"]
[EventType "tourn"]
[EventRounds "9"]
[EventCountry "FRA"]
[SourceTitle "EXT 2019"]
[Source "ChessBase"]
[SourceDate "2018.10.10"]
[SourceVersion "1"]
[SourceVersionDate "2018.10.10"]
[SourceQuality "1"]

1. e4 Nf6 2. e5 Nd5 3. c4 Nb6 4. d4 d6 5. Nf3 Bg4 6. Bf4 dxe5 7. Bxe5 Nc6 8. c5 Nxe5 9. cxb6 Ng6 10. d5 cxb6 11. h3 Bd7 12. Qb3 Qc7 13. Nc3 a6 14. Bd3 Ne5 15. Nxe5 Qxe5+ 16. Be2 b5 17. Nd1 g6 18. Ne3 Bg7 19. Rb1 0-0 20. 0-0 Rad8 21. Rfd1 Bc8 22. Bf3 Rd6 23. Qd3 Rfd8 24. b4 b6 25. Qb3 Bb7 26. Rd2 e6 27. Rbd1 h5 28. g4 Bh6 29. Rd3 Bxe3 30. Rxe3 Qf6 31. Red3 hxg4 32. hxg4 exd5 33. Bxd5 Bxd5 34. Rxd5 Rxd5 35. Rxd5 Rxd5 36. Qxd5 Qe6 37. Qa8+ Kg7 38. Qxa6 Qxg4+ 39. Kh1 Qxb4 40. Qxb6 Qc4 41. Qa7 Qa4 42. Qd7 Qxa2 43. Qd4+ f6 44. Qd7+ Qf7 45. Qxb5 Qc7 46. Kg2 Qe7 47. Qd3 f5 48. Qd4+ Qf6 49. Qxf6+ Kxf6 50. f3 Kg5 51. Kg3 f4+ 52. Kh3 Kh5 53. Kg2 Kh4 54. Kh2 g5 55. Kg2 g4 56. Kf2 g3+ 57. Kg2 Kg5 58. Kh3 Kf5 59. Kg2 Ke5 60. Kf1 Kd4 61. Ke2 Kc4 62. Ke1 Kd3 63. Kf1 Ke3 64. Kg2 Ke2 65. Kg1 Kxf3 66. Kf1 Kg4 67. Kg1 f3 68. Kf1 Kh3 69. Kg1 f2+ 70. Kf1 Kh2 71. Ke2 Kg2 72. Ke3 f1Q 0-1

[Event "Montigny Autumn-C 16th"]
[Site "Montigny le Bretonneux"]
[Date "2017.10.24"]
[Round "4"]
[White "Agapov, Klimentiy"]
[Black "Fruchard, Alois"]
[Result "0-1"]
[WhiteElo "1290"]
[BlackElo "1212"]
[PlyCount "74"]
[EventDate "2017.10.21"]
[EventType "tourn"]
[EventRounds "9"]
[EventCountry "FRA"]
[SourceTitle "EXT 2019"]
[Source "ChessBase"]
[SourceDate "2018.10.10"]
[SourceVersion "1"]
[SourceVersionDate "2018.10.10"]
[SourceQuality "1"]

1. e4 e6 2. Nf3 d5 3. exd5 exd5 4. d4 Nf6 5. c4 c6 6. Nc3 Be6 7. Qb3 Qc7 8. Bf4 Bd6 9. Bxd6 Qxd6 10. c5 Qc7 11. Na4 Nbd7 12. Bd3 0-0 13. h3 Ne4 14. Qc2 f5 15. Nc3 Ndf6 16. Ne5 Nd7 17. Nxd7 Qxd7 18. f3 Nxc3 19. bxc3 b6 20. cxb6 axb6 21. g4 Rae8 22. 0-0-0 g6 23. g5 f4 24. h4 Bf5 25. Bxf5 Rxf5 26. Rde1 Rf7 27. Qd2 Rfe7 28. Kd1 Re3 29. Rxe3 fxe3 30. Qe2 Qf5 31. Kc1 Qf4 32. Kc2 Ra8 33. Kb2 c5 34. Qd3 Qxf3 35. Rf1 Qg2+ 36. Kc1 Rxa2 37. Kb1 Qb2# 0-1

[Event "Montigny Autumn-C 16th"]
[Site "Montigny le Bretonneux"]
[Date "2017.10.22"]
[Round "2"]
[White "Couradin, Jean Marie"]
[Black "Agapov, Klimentiy"]
[Result "1/2-1/2"]
[WhiteElo "1638"]
[BlackElo "1290"]
[PlyCount "76"]
[EventDate "2017.10.21"]
[EventType "tourn"]
[EventRounds "9"]
[EventCountry "FRA"]
[SourceTitle "EXT 2019"]
[Source "ChessBase"]
[SourceDate "2018.10.10"]
[SourceVersion "1"]
[SourceVersionDate "2018.10.10"]
[SourceQuality "1"]

1. d4 d6 2. Nf3 g6 3. Bf4 Bg7 4. e3 Bg4 5. Be2 Bxf3 6. Bxf3 c6 7. c4 Nd7 8. Nc3 Ngf6 9. h3 0-0 10. 0-0 Re8 11. Qc2 e5 12. dxe5 dxe5 13. Bg3 Qc7 14. b4 b6 15. Rad1 Rad8 16. Rd2 Nf8 17. Rfd1 Qe7 18. Rxd8 Rxd8 19. Rxd8 Qxd8 20. Bxe5 Qe7 21. Bxf6 Bxf6 22. a3 a5 23. Bxc6 axb4 24. axb4 Qxb4 25. Nd5 Qd6 26. Qe4 Bd8 27. Bb5 Ne6 28. g3 Bc7 29. Nf6+ Kh8 30. Qa8+ Nd8 31. Ne8 Qe7 32. Qc8 Bxg3 33. fxg3 Qxe3+ 34. Kf1 Qf3+ 35. Ke1 Qe3+ 36. Kf1 Qf3+ 37. Kg1 Qxg3+ 38. Kh1 Qf3+ 1/2-1/2